00339nam a22000977a 450000500170000000800410001702000180005810000240007624501170010030000240021720260114110505.0260114b |||||||| |||| 00| 0 eng d a9789352697557 aMohammad Azvar Khan aInternational Perspectives on Cyberbullyingb/International Perspectives on Cyberbullyingc/ Azvar Khan Mohammad a viii, 282pgsenone